Zobrané spisy. 36 : Marec - júl 1918 /

Uložené v:
Podrobná bibliografia
Hlavný autor: Lenin, Vladimír Iljič (Autor)
Médium: Kniha
Jazyk:Slovak
Vydavateľské údaje: Bratislava : Pravda, 1987
Vydanie:2.vyd.
Tagy: Pridať tag
Žiadne tagy, Buďte prvý, kto otaguje tento záznam!

MARC

LEADER 00000nam a22000003a 4500
001 stu4993
005 20150617225811.9
008 951129s1987----cs------------------slo-d
040 |a STU  |b slo 
041 0 |a slo 
044 |a cs 
080 |a 100.13(081) 
100 1 |a Lenin, Vladimír Iljič  |4 aut 
245 1 |a Zobrané spisy. 36 :  |b Marec - júl 1918 /  |c [aut.] Lenin,Vladimír Iljič 
250 |a 2.vyd. 
260 |a Bratislava :  |b Pravda,  |c 1987 
300 |a 878 s 
996 |b E62526  |c E*62526  |l EE06  |s P  |a 0  |w stu4993_0001